000 00809nam a2200253Ia 4500
003 OSt
005 20220923214235.0
006 a|||||r|||| 00| 0
007 ta
008 220922b |||||||| |||| 00| 0 hin d
024 _a168,101
037 _cTextual
040 _aARTS
_cARTS
_bhin
041 _2hin
_ahin
082 _aO152,1I00:g, K7;N9
100 _aस्नातक, विजयेन्द्र, संपा.
_9156505
245 0 _aकबीर
246 _aKabīra
250 _aसंस्क0 2
260 _aदिल्ली
_b राधाकृष्ण प्रकाशन
_c1967
300 _a243 पृ.
_ccm.
942 _hO152,1I00:g, K7;N9
_cTEXL
_2CC
999 _c322571
_d322571